000 01062nam a2200253 a 4500
001 47017
003 BD-RjUL
005 20211209054239.0
008 160806s1995 ii |||| b||| 001 0 ben d
020 _a8170741130
035 _a(BD-RjUL)47136
040 _aBD-RjUL
_bben
_cBD-RjUL
041 _aben
082 _223
_a301
_bBOS 1995
100 1 0 _aবটোমোর, টম
_9143195
245 1 0 _aসমাজবিদ্যা :
_bতত্ত্ব ও সমস্যার রুপরেখা /
_cটম বটোমোর ; অনুবাদ : হিমাচল চক্রবতী
260 _aকলকাতা :
_bকে পি বাগচী অ্যাণ্ড কোম্পানি,
_c১৯৯৫
300 _a(x) ৪৩৪ পৃ. ;
_c২০ সেমি.
504 _aগ্রন্থসূচি ও নির্ঘন্ট সংযুক্ত
650 _aসমাজবিজ্ঞান
_9143196
650 _aSociology
_9143197
700 _aচক্রবতী, হিমাচল
_9143198
942 _2ddc
_cBK
_01
999 _c47017
_d47017